<?xml version="1.0" encoding="UTF-8"?>
<record
    xmlns:xsi="http://www.w3.org/2001/XMLSchema-instance"
    xsi:schemaLocation="http://www.loc.gov/MARC21/slim http://www.loc.gov/standards/marcxml/schema/MARC21slim.xsd"
    xmlns="http://www.loc.gov/MARC21/slim">

  <leader>02545nam a2200265 i 4500</leader>
  <controlfield tag="001">Rebiun36132221</controlfield>
  <controlfield tag="008">240823s2023    spc||||  |||| 0|0 0 spa|</controlfield>
  <datafield tag="015" ind1=" " ind2=" ">
    <subfield code="a">LL2024 </subfield>
    <subfield code="2">bnc</subfield>
  </datafield>
  <datafield tag="017" ind1=" " ind2=" ">
    <subfield code="a">DL B 5218-2023, </subfield>
    <subfield code="b">Biblioteca de Catalunya</subfield>
  </datafield>
  <datafield tag="020" ind1=" " ind2=" ">
    <subfield code="a">9788408273486</subfield>
  </datafield>
  <datafield tag="040" ind1=" " ind2=" ">
    <subfield code="a">ES-BaBC </subfield>
    <subfield code="b">Spanish</subfield>
    <subfield code="e">rda </subfield>
    <subfield code="c">ES-BaBC</subfield>
  </datafield>
  <datafield tag="041" ind1=" " ind2=" ">
    <subfield code="a">Spanish</subfield>
  </datafield>
  <datafield tag="100" ind1=" " ind2=" ">
    <subfield code="a">Mart&#xED;nez-Horta, Saul</subfield>
    <subfield code="e">author</subfield>
    <subfield code="9">25539</subfield>
  </datafield>
  <datafield tag="245" ind1="1" ind2="0">
    <subfield code="a">&#xBF;D&#xF3;nde est&#xE1;n las llaves? </subfield>
    <subfield code="c">/ Saul Mart&#xED;nez-Horta</subfield>
  </datafield>
  <datafield tag="250" ind1=" " ind2=" ">
    <subfield code="a">First edition</subfield>
  </datafield>
  <datafield tag="264" ind1=" " ind2="1">
    <subfield code="a">Barcelona : </subfield>
    <subfield code="b">GeoPlaneta, </subfield>
    <subfield code="c">2023</subfield>
  </datafield>
  <datafield tag="300" ind1=" " ind2=" ">
    <subfield code="a">293 pages ; </subfield>
    <subfield code="c">23 cm</subfield>
  </datafield>
  <datafield tag="490" ind1=" " ind2=" ">
    <subfield code="a">GeoPlaneta ciencia</subfield>
  </datafield>
  <datafield tag="520" ind1=" " ind2=" ">
    <subfield code="a">En esta obra, el autor nos sumerge en los misterios de la vida cotidiana, ofreciendo explicaciones neuropsicol&#xF3;gicas a situaciones que todos hemos experimentado alguna vez. El libro aborda fen&#xF3;menos como los olvidos involuntarios, los lapsus, las pasiones desbordadas, las fobias, las man&#xED;as e incluso experiencias que podr&#xED;an considerarse &#xAB;extra&#xF1;as&#xBB;, como las apariciones o las alucinaciones.

Sa&#xFA;l Mart&#xED;nez-Horta, neuropsic&#xF3;logo, adopta una mirada cient&#xED;fica para explorar y comprender c&#xF3;mo funciona nuestro cerebro en el d&#xED;a a d&#xED;a. A lo largo de estas p&#xE1;ginas, los lectores se embarcar&#xE1;n en un viaje fascinante por la mente humana, desentra&#xF1;ando los enigmas que rodean nuestras acciones y pensamientos m&#xE1;s comunes.

Con un enfoque claro, riguroso y accesible, el autor nos invita a reflexionar sobre la extraordinaria complejidad de nuestro &#xF3;rgano m&#xE1;s enigm&#xE1;tico: el cerebro.</subfield>
  </datafield>
  <datafield tag="520" ind1=" " ind2=" ">
    <subfield code="a">In this compelling work, the author invites us to delve into the mysteries of everyday life, offering neuropsychological explanations for situations we all experience at some point. Why do we suddenly forget things? What lies behind slips of the tongue, phobias, or overwhelming passions? How can we make sense of compulsions&#x2014;or even seemingly inexplicable experiences like hallucinations or apparitions?

Sa&#xFA;l Mart&#xED;nez-Horta, a neuropsychologist, approaches these phenomena with scientific rigour and a clear, engaging style. Throughout these pages, he takes readers on a fascinating journey through the workings of the human brain, unravelling the enigmas behind our most common thoughts, actions, and emotions.

Blending science with curiosity and reflection, this book invites us to better understand&#x2014;and marvel at&#x2014;the complexity of the most mysterious organ in our body: the brain.</subfield>
  </datafield>
  <datafield tag="650" ind1=" " ind2="0">
    <subfield code="a">Brain</subfield>
    <subfield code="9">9635</subfield>
  </datafield>
  <datafield tag="650" ind1=" " ind2="0">
    <subfield code="a">Neuropsychology</subfield>
    <subfield code="9">11662</subfield>
  </datafield>
  <datafield tag="650" ind1=" " ind2="0">
    <subfield code="a">Memory</subfield>
    <subfield code="9">9634</subfield>
  </datafield>
  <datafield tag="942" ind1=" " ind2=" ">
    <subfield code="2">lcc</subfield>
  </datafield>
  <datafield tag="952" ind1=" " ind2=" ">
    <subfield code="0">0</subfield>
    <subfield code="1">0</subfield>
    <subfield code="2">lcc</subfield>
    <subfield code="4">0</subfield>
    <subfield code="7">0</subfield>
    <subfield code="a">TBS</subfield>
    <subfield code="b">TBS</subfield>
    <subfield code="d">2025-06-19</subfield>
    <subfield code="l">0</subfield>
    <subfield code="o">QP376 MAR</subfield>
    <subfield code="p">B05825</subfield>
    <subfield code="r">2025-06-19</subfield>
    <subfield code="t">1</subfield>
    <subfield code="w">2025-06-19</subfield>
    <subfield code="y">1</subfield>
    <subfield code="z">WELL COLLECTION</subfield>
  </datafield>
  <datafield tag="999" ind1=" " ind2=" ">
    <subfield code="c">4778</subfield>
    <subfield code="d">4778</subfield>
  </datafield>
</record>
